00487nam a2200133Ia 4500008004100000100001700041245004400058260006900102300001100171650001100182856006800193999001900261952007300280160712s9999 xx 000 0 und d aDiaz, Glenn. cGlenn DiazaCrawl Space and Other Poems c2013bLikhaan: The Journal of Contemporary Philippine Literature avol. 7 xPOETRY uhttp://journals.upd.edu.ph/index.php/lik/issue/view/537/showToc c297338d297338 001040aCLbCLd2016-07-12l0r2016-07-12 00:00:00w2016-07-12yFEJ